Implict meanings : essays in anthropology

Αποθηκεύτηκε σε:
Λεπτομέρειες βιβλιογραφικής εγγραφής
Κύριος συγγραφέας: Douglas, Mary, 1921-2007
Μορφή: Βιβλίο
Γλώσσα:English
Δημοσίευση: London : Routledge, 1975
Θέματα:
Ετικέτες: Προσθήκη ετικέτας
Δεν υπάρχουν, Καταχωρήστε ετικέτα πρώτοι!

MARC

LEADER 00000nam a2200000 i 4500
001 1/73173
008 941129s1975 eng d
020 |a 0-7100-0047-2 
035 |l 10003175 
040 |a GR-MY-UA  |b gre  |e aacr 
041 0 |a eng 
082 0 |a 306 
100 1 |a Douglas, Mary,   |d 1921-2007. 
245 1 0 |a Implict meanings :  |b essays in anthropology /  |c Mary Douglas 
260 |a London :   |b Routledge,   |c 1975 
300 |a 325 p. 
504 |a Includes index 
650 0 0 |a Ethnology. 
852 |a INST  |b LESVOS  |e 19941129  |h 306 DOU  |p 005100003319  |q 005100003319  |t BK  |y 0 
909 |a Λ  |b 02895